01515nam a2200361 a 4500001001000000003000500010005001700015008004100032010001100073011001100084040000900095090001000104100003400114245011900148260004100267500006000308502006900368590004100437590004100478590004000519590004000559650004800599650004700647650004000694650006400734856007000798901000700868942001000875942000600885999001900891952011900910952012401029000109622CHAP20220329144057.0140514s2014 mx sm |||||||spa d a106084 a107056 cCHAP aTesis1 aTorres Corral, Miguel912708210aProductores forestales y la superficie que cubren en el estado de Durangoh[En línea]cpor Miguel Torres Corral. aChapingo, Méx. :bEl autor,c2014. aPara ver el contenido del material haga clic en la liga aTesis (Ing. Forestal) -- UACH. División de Ciencias Forestales aBATCH-UPDb10c20141002lUCH01h0903 aE11695DGDb10c20140527lUCH01h0929 aE6096MTMb05c20140514lUCH01h1440 aE6096MTMb05c20140514lUCH01h144114aBosquesxServicios de información.91438514aBosquesxSistemas de información.91438714aInformación electrónica.95808514aProcesamiento automático de datos en silvicultura.991808 aFinding aiduhttp://10.13.5.2/tesis/sist109622.pdfzTeclea aquí aBK cTESIS n0 c106084d106084 00102local40718TESISaBCbBCd2014-05-14fTESISl0oTesisp33724002405769r2019-12-31 00:00:00w2014-05-14yCD 00102local40718TESISaBCbBCd2014-05-14fTESISl0oTesisp33724002405801r2019-12-31 00:00:00tc.2w2014-05-14yCD